Aritmética métodos modernos de Enseñanza (Registro nro. 309379)

Detalles MARC
000 -ENCABEZADO
Número de control [NR] 01740nam a22002537a 4500
005 - FECHA Y HORA DE LA ÚLTIMA TRANSACCIÓN
control field 20180220135508.0
008 - DE LONGITUD FIJA DE DATOS DE ELEMENTOS - INFORMACIÓN GENERAL
Elementos de longitud fija [NR] 180220s1928 xxu |||fr|||| 001 0 spa d
040 ## - FUENTE DE CATALOGACION [NR]
Quien Cataloga Sandra Yazo
Quien Clasifica Sandra Yazo
041 1# - CODIGO DE IDIOMA [R]
Código de idioma para texto/pista de sonido o título separado [R] Español
082 04 - NUMERO DE CLASIFICACION DECIMAL DEWEY [R]
Número de la edición [NR] 20
Número de clasificación [R] 513
092 ## - SIGNATURA TOPOGRAFICA LOCAL
Número de clasificación local E45N009
100 1# - ASIENTO PRINCIPAL--NOMBRE PERSONAL [NR]
Nombre personal [NR] Thorndike, Edward L.
Fechas asociadas con el nombre [NR] 1874-1949
Forma más completa del nombre [NR] Edward Lee
ID Autoridad 91482
245 10 - MENCION DE TITULO [NR]
Título [NR] Aritmética métodos modernos de Enseñanza
Mención de responsabilidad, etc. [NR] por Eduardo Lee Thorndike ; Versión española por José Arteaga
260 ## - PUBLICACION, DISTRIBUCION, ETC. (PIE DE IMPRENTA) [R]
Lugar de publicación, distribución, etc. [R] Nueva York (Estados Unidos)
Nombre del editor, distribuidor, etc. [R] Rand McNally y Compañía
Fecha de publicación, distribución, etc. [R] 1928
300 ## - DESCRIPCION FISICA [R]
Extensión [R] viii, 271 páginas
Dimensiones [R] 20 x 14 cm
500 ## - NOTA GENERAL [R]
Nota general [NR] Detalles físicos: Encuadernación rígida en cartón duro forrado en tela texturizada. Lomo y tapa delantera con datos de publicación repujados y tinta en negra. Guardas. Anteportada. Portada impresa en una sola tinta, al verso marca tipográfica de los editores. Texto muy bien impreso, en una sola columna y con diferentes tipos de letra, sobre papel semisatinado. Fórmulas matemáticas. Cuadros. Imágenes y figuras. Ejemplar en buen estado de conservación
505 ## - NOTA DE CONTENIDO CON FORMATO PREESTABLECIDO [R]
Nota de contenido con formato preestablecido [NR] Prefacio ; Las necesidades de la vida real ; El interés del educando ; La teoría de la aritmética y sus explicaciones ; La formación de hábitos ; La organización de la materia ; El significado de los números ; La solución de problemas ; El maestro como guía ; Algunos asuntos difíciles ; Algunos errores comunes ; Algunas discusiones instructivas ; Términos, definiciones y reglas ; Pruebas y exámenes
506 ## - NOTA DE RESTRICCIONES DE ACCESO [R]
Condiciones de acceso [NR] Consulta en sala
650 #7 - ASIENTO SECUNDARIO DE MATERIA - TERMINO TEMATICO [R]
Término temático o nombre geográfico como elemento de entrada [NR] Aritmética
Subdivisión de forma [R] Manuales
9 (RLIN) 91483
650 #7 - ASIENTO SECUNDARIO DE MATERIA - TERMINO TEMATICO [R]
Término temático o nombre geográfico como elemento de entrada [NR] Matemáticas
Subdivisión general [R] Enseñanza
9 (RLIN) 55930
690 ## - ASUNTO AGREGADO LOCAL DE ENTRADA - TÉRMINO TEMÁTICO (OCLC, RLIN)
Acceso temático local Matemáticas
9 (RLIN) 19031
700 1# - ASIENTO SECUNDARIO - NOMBRE PERSONAL [R]
Nombre personal [NR] Arteaga, José
9 (RLIN) 91491
Término de relación [R] traductor
942 ## - ELEMENTOS DE ENTRADA AGREGADOS (KOHA)
Sistema de clasificación LOCAL
Tipo de ítem principal el descrito en 300a Libro
Edición 1
Clasificación E45N009
Existencias
Suprimido Perdido Sistema de clasificación Dañado No prestable Tipo de ítem específico Ubicación habitual Ubicación actual Localización Fecha de creación Forma de adquisición Costo Total préstamos Signatura topográfica Código de barras Última vez visto Ejemplar Price effective from Tipo de ítem
    LOCAL     Libro archivo Archivo Histórico Archivo Histórico Archivo histórico 20/02/2018 Donación 0.00   E45N009 L006438 20/02/2018 Ej.1 20/02/2018 Libro